Películas Studio Ghibli por imagen - Estadísticas

Estadísticas generales
  • Esta prueba ha sido intentada 33 veces
  • La puntuación promedio es 14 de 25
Estadísticas de respuestas
Imagen Hint Respuesta % Correcto
2001 - Hayao Miyazaki El viaje de Chihiro
100%
1988 - Hayao Miyazaki Mi vecino Totoro
100%
2004 - Hayao Miyazaki El castillo ambulante
97%
1997 - Hayao Miyazaki La princesa Mononoke
90%
1988 - Isao Takahata La tumba de las luciérnagas
90%
1992 - Hayao Miyazaki Porco Rosso
83%
1986 - Hayao Miyazaki El castillo en el cielo
79%
2023 - Hayao Miyazaki El chico y la garza
79%
1989 - Hayao Miyazaki Kiki: Entregas a domicilio
79%
2008 - Hayao Miyazaki Ponyo en el acantilado
79%
2010 - H. Yonebayashi Arrietty y el mundo de los diminutos
55%
2013 - Hayao Miyazaki El viento se levanta
55%
2016 - Isao Takahata La Tortuga Roja
45%
1984 - Hayao Miyazaki Nausicaä del Valle del Viento
45%
2014 - H. Yonebayashi El recuerdo de Marnie
41%
2013 - Isao Takahata El cuento de la princesa Kaguya
38%
2006 - Gorō Miyazaki Cuentos de Terramar
31%
2002 - Hiroyuki Morita Haru en el reino de los gatos
31%
2011 - Gorō Miyazaki La colina de las amapolas
31%
1991 - Isao Takahata Recuerdos del ayer
28%
1995 - Y. Kondō Susurros del corazón
28%
1994 - Isao Takahata Pompoko
24%
1999 - Isao Takahata Mis vecinos los Yamada
17%
1993 - T. Mochizuki Puedo escuchar el mar
14%
2020 - Gorō Miyazaki Earwig y la bruja
7%
No se encontraron pruebas coincidentes
Distribución de puntuación
Porcentaje de gente con cada puntuación
Porcentaje por número respondido
Historial de tus puntuaciones
No has intentado esta prueba.